000 00256nam a2200097Ia 4500
008 240331s9999 xx 000 0 und d
082 _bPAT
100 _aPathmanaba I.S
245 0 _aIlankaiyil thoddap pallikoodankalin kalviamaippum prachinaikalum
942 _cL
999 _c3601
_d3601